Internal Assessment for Physics/ (Record no. 1327)

MARC details
000 -LEADER
fixed length control field 00587nam a22002057a 4500
003 - CONTROL NUMBER IDENTIFIER
control field OSt
005 - DATE AND TIME OF LATEST TRANSACTION
control field 20240626141046.0
008 - FIXED-LENGTH DATA ELEMENTS--GENERAL INFORMATION
fixed length control field 240626b |||||||| |||| 00| 0 eng d
020 ## - INTERNATIONAL STANDARD BOOK NUMBER
International Standard Book Number 9781510432413
040 ## - CATALOGING SOURCE
Original cataloging agency KMU
Language of cataloging eng
Transcribing agency KMU
Modifying agency KMU
Description conventions rda
050 ## - LIBRARY OF CONGRESS CALL NUMBER
Classification number QC32
Item number .T353
100 ## - MAIN ENTRY--PERSONAL NAME
Personal name Talbot, Christopher
245 ## - TITLE STATEMENT
Title Internal Assessment for Physics/
Statement of responsibility, etc. Christopher Talbot and Ged Green.
260 ## - PUBLICATION, DISTRIBUTION, ETC.
Place of publication, distribution, etc. London:
Name of publisher, distributor, etc. Hodder Education,
Date of publication, distribution, etc. 2019.
300 ## - PHYSICAL DESCRIPTION
Extent xvii, 144p.:
Other physical details ill;
Dimensions 30cm.
504 ## - BIBLIOGRAPHY, ETC. NOTE
Bibliography, etc. note Incudes an index.
650 ## - SUBJECT ADDED ENTRY--TOPICAL TERM
Topical term or geographic name entry element Physics Assessments.
700 ## - ADDED ENTRY--PERSONAL NAME
Personal name Green, Ged
942 ## - ADDED ENTRY ELEMENTS (KOHA)
Source of classification or shelving scheme Library of Congress Classification
Koha item type Non-Fiction
Suppress in OPAC No
Holdings
Withdrawn status Lost status Source of classification or shelving scheme Damaged status Not for loan Collection Home library Current library Shelving location Date acquired Source of acquisition Total Checkouts Full call number Barcode Date last seen Price effective from Koha item type Date last checked out
    Library of Congress Classification     Non-fiction Kapasa Makasa University Kapasa Makasa University Open Access 26.06.2024 Book Aid International   QC32 .T353 Tal 300736 26.06.2024 26.06.2024 Non-Fiction  
    Library of Congress Classification     Non-fiction Kapasa Makasa University Kapasa Makasa University Open Access 27.06.2024 Book Aid International 1 QC32. T353 Tal 300752 16.02.2026 27.06.2024 Non-Fiction 02.02.2026